<?xml version="1.0" encoding="UTF-8"?>
<collection xmlns="http://www.loc.gov/MARC21/slim">
<record>
  <controlfield tag="001">170970</controlfield>
  <controlfield tag="005">20260430151736.0</controlfield>
  <datafield tag="024" ind1="7" ind2=" ">
    <subfield code="2">doi</subfield>
    <subfield code="a">10.24162/EI2026-14092</subfield>
  </datafield>
  <datafield tag="024" ind1="8" ind2=" ">
    <subfield code="2">sideral</subfield>
    <subfield code="a">149088</subfield>
  </datafield>
  <datafield tag="037" ind1=" " ind2=" ">
    <subfield code="a">ART-2026-149088</subfield>
  </datafield>
  <datafield tag="041" ind1=" " ind2=" ">
    <subfield code="a">eng</subfield>
  </datafield>
  <datafield tag="100" ind1=" " ind2=" ">
    <subfield code="a">Jiménez-Pérez, Natalia</subfield>
    <subfield code="u">Universidad de Zaragoza</subfield>
    <subfield code="0">(orcid)0009-0008-0657-6242</subfield>
  </datafield>
  <datafield tag="245" ind1=" " ind2=" ">
    <subfield code="a">The Haunting Legacy of Mother Ireland: Transcending the Madonna-Whore Binary in Sally Rooney’s Intermezzo (2024)</subfield>
  </datafield>
  <datafield tag="260" ind1=" " ind2=" ">
    <subfield code="c">2026</subfield>
  </datafield>
  <datafield tag="520" ind1="3" ind2=" ">
    <subfield code="a">As national-Catholicism became central to the construction of national identity in a post-independence Ireland, the notion of woman was restricted to a “static creature […] iconized by her connection with spirituality into a secular Irish Madonna [who] barely exists in her own right” (ap Hywel 1991: 25), and whose identity is inextricably linked to her (a)sexuality. In this sense, Sally Rooney’s latest novel constructs her main female characters around their sexuality, both through the perspective of a rural middle-aged divorcée, Margaret, and through the eyes of one of the protagonists, Peter, whose complicated relationship with Sylvia and Naomi will revolve around their roles as platonic and sexual partner, respectively. Haunted by their desire and how it transgresses the sexual and social norms embodied in Mother Ireland through the “traditional Madonna/Eve split” (Valiulis 2001: 154), both Peter and Margaret repress themselves to the edge of mental breakdown and psycho-emotional martyrdom. It is my contention that Intermezzo will place desire as its characters’ lifeline, erupting in one way or another from their self-imposed constrictions, and allowing for them to deconstruct their views on female sexuality in a narratorial game of sorts – externally for Peter and internally for Margaret – and thus be able to form a new identity based on relationality and mutual care instead of the exploitation of others or themselves.</subfield>
  </datafield>
  <datafield tag="506" ind1="0" ind2=" ">
    <subfield code="a">Access copy available to the general public</subfield>
    <subfield code="f">Unrestricted</subfield>
  </datafield>
  <datafield tag="536" ind1=" " ind2=" ">
    <subfield code="9">info:eu-repo/grantAgreement/ES/DGA-FSE/H03-23R</subfield>
    <subfield code="9">info:eu-repo/grantAgreement/ES/MICIU/PID2021-124841NB-I00</subfield>
  </datafield>
  <datafield tag="540" ind1=" " ind2=" ">
    <subfield code="9">info:eu-repo/semantics/openAccess</subfield>
    <subfield code="a">by-nc</subfield>
    <subfield code="u">https://creativecommons.org/licenses/by-nc/4.0/deed.es</subfield>
  </datafield>
  <datafield tag="655" ind1=" " ind2="4">
    <subfield code="a">info:eu-repo/semantics/article</subfield>
    <subfield code="v">info:eu-repo/semantics/publishedVersion</subfield>
  </datafield>
  <datafield tag="710" ind1="2" ind2=" ">
    <subfield code="1">3004</subfield>
    <subfield code="2">345</subfield>
    <subfield code="a">Universidad de Zaragoza</subfield>
    <subfield code="b">Dpto. Filolog.Inglesa y Alema.</subfield>
    <subfield code="c">Área Filología Inglesa</subfield>
  </datafield>
  <datafield tag="773" ind1=" " ind2=" ">
    <subfield code="g">21 (2026), 117-130</subfield>
    <subfield code="p">Estud. irl.</subfield>
    <subfield code="t">Estudios irlandeses</subfield>
    <subfield code="x">1699-311X</subfield>
  </datafield>
  <datafield tag="787" ind1=" " ind2=" ">
    <subfield code="t">The Haunting Legacy of Mother Ireland: Transcending the Madonna-Whore Binary in Sally Rooney’s Intermezzo (2024)</subfield>
    <subfield code="w">10.24162/EI2026-14092</subfield>
  </datafield>
  <datafield tag="856" ind1="4" ind2=" ">
    <subfield code="s">412364</subfield>
    <subfield code="u">http://zaguan.unizar.es/record/170970/files/texto_completo.pdf</subfield>
    <subfield code="y">Versión publicada</subfield>
  </datafield>
  <datafield tag="856" ind1="4" ind2=" ">
    <subfield code="s">1984630</subfield>
    <subfield code="u">http://zaguan.unizar.es/record/170970/files/texto_completo.jpg?subformat=icon</subfield>
    <subfield code="x">icon</subfield>
    <subfield code="y">Versión publicada</subfield>
  </datafield>
  <datafield tag="909" ind1="C" ind2="O">
    <subfield code="o">oai:zaguan.unizar.es:170970</subfield>
    <subfield code="p">articulos</subfield>
    <subfield code="p">driver</subfield>
  </datafield>
  <datafield tag="951" ind1=" " ind2=" ">
    <subfield code="a">2026-04-30-13:58:08</subfield>
  </datafield>
  <datafield tag="980" ind1=" " ind2=" ">
    <subfield code="a">ARTICLE</subfield>
  </datafield>
</record>
</collection>